00691nam a2200217 a 4500001001300000003000900013005001700022008004100039020001000080082002000090245003900110260004700149300000900196500003500205650003500240710003300275902000800308942000700316952013300323999001700456nice12345678IN_TiNIC20260116013522.0080220s2000 naga grp 000 0 eng  ac15000a324.245408bNAT aTowards Democracy-Iii Saffron Sam. aNagpurbNational Council of Churchesc2000 a251p aincludes index and biblioraphy aReligious Fundamentalism-Hindu2 aNational Council of Churches bSRS cBK 001040708StackRoom-aHMIbHMId2008-02-20g150.00l1o324.245408 NATp019804r2017-08-23s2017-06-19v150.00w2008-02-20yBK c11305d11305